00346nam a2200097Ia 45000010005000000080041000050820022000461000068000682450075001362600037002114349241024s9999 xx 000 0 und d aRD/780/ES74d/2014 aRepública Dominicana. Escuela Municipal de Música "Gracias" 0aDocumentos de autorización. Escuela Municiapal de Música "Gracias" bSantiago de los Caballerosc2014